物流管理改善必备实战手册 (Record no. 2940)

000 -LEADER
fixed length control field 00480nam a22001937a 4500
003 - CONTROL NUMBER IDENTIFIER
control field MPLRDC
005 - DATE AND TIME OF LATEST TRANSACTION
control field 20220104113848.0
008 - FIXED-LENGTH DATA ELEMENTS--GENERAL INFORMATION
fixed length control field 210129b ||||| |||| 00| 0 eng d
020 ## - INTERNATIONAL STANDARD BOOK NUMBER
International Standard Book Number 957-41-1048-6
082 ## - DEWEY DECIMAL CLASSIFICATION NUMBER
Classification number 494.07 LMX
100 ## - MAIN ENTRY--PERSONAL NAME
Personal name 李孟熹编著
245 ## - TITLE STATEMENT
Title 物流管理改善必备实战手册
Statement of responsibility, etc.
250 ## - EDITION STATEMENT
Edition statement 第一版
260 ## - PUBLICATION, DISTRIBUTION, ETC.
Place of publication, distribution, etc.
Name of publisher, distributor, etc.
Date of publication, distribution, etc. 2003
300 ## - PHYSICAL DESCRIPTION
Other physical details
490 ## - SERIES STATEMENT
Series statement 企业经营管理系列. D13
650 ## - SUBJECT ADDED ENTRY--TOPICAL TERM
Topical term or geographic name entry element 企业管理
942 ## - ADDED ENTRY ELEMENTS (KOHA)
Koha item type Book
-- 494.07 LMX
Holdings
Withdrawn status Lost status Source of classification or shelving scheme Damaged status Not for loan Collection code Home library Current library Shelving location Date acquired Cost, normal purchase price Total Checkouts Total Renewals Full call number Barcode Date last seen Date last checked out Price effective from Koha item type Public note
            Malaysian Public Library, Research and Development Centre Malaysian Public Library, Research and Development Centre   10/12/2007 41.00   2 494.07 LMX 00002928 17/03/2021 07/02/2017 17/03/2021 Book mplrdc

© 2022. Malaysian Public Library, Research and Development Centre. All Right ReservedE-mailmplrdc@help.edu.my 

Powered by Koha